000 00524nam a2200181Ia 4500
001 19534
005 20260306172700.0
008 260306t2013||||xx |||||||||||||| ||spa||
041 _aESP
082 _a340.115
_bM84
100 _aMontoya Castillo, Carlos Franco
_eAUT
245 0 _aProblemas más frecuentes en la calificación de las demandas judiciales:
_bdoctrina y casuística jurisprudencial
260 _c2013
300 _a221 páginas :
_c24 cm.
650 _aGEN
654 _aCDE
942 _cLIB
_dJUS
_fJUS
_2ddc
_n
999 _c19534
_d19534